MyGZULibrary

Evoking lament : (Record no. 391)

MARC details
000 -LEADER
fixed length control field 01187cam a22003734a 4500
001 - CONTROL NUMBER
control field 16023908
003 - CONTROL NUMBER IDENTIFIER
control field GZU
005 - DATE AND TIME OF LATEST TRANSACTION
control field 20200722101207.0
008 - FIXED-LENGTH DATA ELEMENTS--GENERAL INFORMATION
fixed length control field 091215s2009 enk b 001 0 eng
010 ## - LIBRARY OF CONGRESS CONTROL NUMBER
LC control number 2009504402
015 ## - NATIONAL BIBLIOGRAPHY NUMBER
National bibliography number GBA967232
Source bnb
016 7# - NATIONAL BIBLIOGRAPHIC AGENCY CONTROL NUMBER
Record control number 015307623
Source Uk
020 ## - INTERNATIONAL STANDARD BOOK NUMBER
International Standard Book Number 9780567033895 (hbk.)
020 ## - INTERNATIONAL STANDARD BOOK NUMBER
International Standard Book Number 0567033899 (hbk.)
020 ## - INTERNATIONAL STANDARD BOOK NUMBER
International Standard Book Number 9780567033901 (pbk.)
020 ## - INTERNATIONAL STANDARD BOOK NUMBER
International Standard Book Number 0567033902 (pbk.)
035 ## - SYSTEM CONTROL NUMBER
System control number (OCoLC)ocn310401985
040 ## - CATALOGING SOURCE
Original cataloging agency UKM
Transcribing agency UKM
Modifying agency BTCTA
-- YDXCP
-- C#P
-- DLC
042 ## - AUTHENTICATION CODE
Authentication code lccopycat
050 00 - LIBRARY OF CONGRESS CALL NUMBER
Classification number BS1199.L27
Item number E96 2009
082 04 - DEWEY DECIMAL CLASSIFICATION NUMBER
Classification number 231.7
Edition number 22
245 00 - TITLE STATEMENT
Title Evoking lament :
Remainder of title a theological discussion /
Statement of responsibility, etc. edited by Eva Harasta, Brian Brock.
260 ## - PUBLICATION, DISTRIBUTION, ETC.
Place of publication, distribution, etc. London ;
-- New York :
Name of publisher, distributor, etc. T & T Clark,
Date of publication, distribution, etc. c2009.
300 ## - PHYSICAL DESCRIPTION
Extent vi, 228 p. ;
Dimensions 24 cm.
504 ## - BIBLIOGRAPHY, ETC. NOTE
Bibliography, etc. note Includes bibliographical references and indexes.
650 #0 - SUBJECT ADDED ENTRY--TOPICAL TERM
Topical term or geographic name entry element Laments in the Bible.
650 #0 - SUBJECT ADDED ENTRY--TOPICAL TERM
Topical term or geographic name entry element Laments.
650 #0 - SUBJECT ADDED ENTRY--TOPICAL TERM
Topical term or geographic name entry element Theology.
700 1# - ADDED ENTRY--PERSONAL NAME
Personal name Harasta, Eva,
Dates associated with a name 1977-
700 1# - ADDED ENTRY--PERSONAL NAME
Personal name Brock, Brian,
Dates associated with a name 1970-
906 ## - LOCAL DATA ELEMENT F, LDF (RLIN)
a 7
b cbc
c copycat
d 2
e ncip
f 20
g y-gencatlg
942 ## - ADDED ENTRY ELEMENTS (KOHA)
Source of classification or shelving scheme Library of Congress Classification
Koha item type Books
Classification part 1199.L27
Item part EVO
Call number prefix BS
Call number suffix 2009
Holdings
Withdrawn status Lost status Damaged status Not for loan Collection code Home library Current library Shelving location Date acquired Total Checkouts Full call number Barcode Date last seen Copy number Price effective from Koha item type
        Non-fiction City Campus Library City Campus Library General Stacks 07/22/2020   BS1199 L27 EVO 2009 000303 07/22/2020 c.1 07/22/2020 Books